Obálka
Pro půjčování e-knih musíte být přihlášeni.
Jak si půjčit online?

Drda: Dalskabáty, hříšná ves aneb Zapomenutý čert /

Jan Drda (*4.4.1915-28.11.1970) Česká pohádka o zapomenutém čertovi Trepifajkslovi, hubaté, ale upřímné vdově Plajznerce, o Dalskabátech, ve kterých žije několik hříšníků, jeichž duši by rádi pekelníci dostali do svých spárů... Pohádková komedie Jana Drdy vyšla v Supraphonu v roce 1984 na kompletu 2...

Celý popis

Uloženo v:
Hlavní autor: Drda, Jan (Autor)
Další autoři: Vránová, Gabriela (Autor), Veškrnová, Dagmar (Vypravěč-komentátor), Hodr, Zdeněk (Vypravěč-komentátor), Hlavatý, Vladimír (Vypravěč-komentátor), Brodský, Vlastimil (Vypravěč-komentátor), Satoranský, Jaroslav (Vypravěč-komentátor), Kaiser, Oldřich (Vypravěč-komentátor), Houska, Karel (Vypravěč-komentátor), Jelínek, Rudolf (Vypravěč-komentátor), Bláha, Josef (Vypravěč-komentátor)
Médium: E-audiokniha
Vydáno: Praha : Supraphon a.s., 2014
Tagy:
Žádné tagy
LEADER 01987nim a22003857i 4500
001 313349
007 sr nunnnnnnned
024 |a 099925947620 
044 |a xr 
100 1 |a  Drda, Jan  |4 aut 
245 1 0 |a Drda: Dalskabáty, hříšná ves aneb Zapomenutý čert /  |c  Drda, Jan 
264 1 |a Praha :  |b Supraphon a.s.,  |c 2014 
300 |a 1 online zdroj (2 hod., 16 min., 47 sek.) 
336 |a mluvené slovo  |b spw  |2 rdacontent 
337 |a audio  |b s  |2 rdamedia 
338 |a online zdroj  |b cr  |2 rdacarrier 
505 0 0 |t 1. èást (30 min., 8 sek.) 
505 0 0 |t 2. èást (33 min., 51 sek.) 
505 0 0 |t 3. èást (38 min., 44 sek.) 
505 0 0 |t 4. èást (33 min., 57 sek.) 
520 2 |a Jan Drda (*4.4.1915-28.11.1970) Česká pohádka o zapomenutém čertovi Trepifajkslovi, hubaté, ale upřímné vdově Plajznerce, o Dalskabátech, ve kterých žije několik hříšníků, jeichž duši by rádi pekelníci dostali do svých spárů... Pohádková komedie Jana Drdy vyšla v Supraphonu v roce 1984 na kompletu 2 LP 1218 0651-2, nyní vychází digitálně. Opět zazní krásná, jadrná čeština v podání Trepifajskla Vlastimila Brodského, Plajznerky Gabriely Vránové či Belzebuba Josefa Bláhy a mnoha dalších skvělých herců. 
700 1 |a  Vránová, Gabriela  |4 nrt 
700 1 |a  Veškrnová, Dagmar  |4 nrt 
700 1 |a  Hodr, Zdeněk  |4 nrt 
700 1 |a  Hlavatý, Vladimír  |4 nrt 
700 1 |a  Brodský, Vlastimil  |4 nrt 
700 1 |a  Satoranský, Jaroslav  |4 nrt 
700 1 |a  Kaiser, Oldřich  |4 nrt 
700 1 |a  Houska, Karel  |4 nrt 
700 1 |a  Jelínek, Rudolf  |4 nrt 
700 1 |a  Bláha, Josef  |4 nrt 
910 |a RBIT002 
998 |d 403818  |a https://core.palmknihy.cz/api/books/403818/cover?scgr43  |b https://core.palmknihy.cz/api/books/403818/cover/400?scgr43  |c https://core.palmknihy.cz/api/books/403818/cover/50?scgr43  |e 2099-01-01  |i 099925947620  |l 8207  |q 49  |r 1  |s https://www.palmknihy.cz/kniha/403818  |t audiobook  |y 2014  |z 1 
999 |d 313347